• 首页
  • 本馆介绍
  • 公告通知
  • 最新文献
  • 馆藏检索
  • 电子资源
  • 读者导购
  • 参考咨询
  • 我的图书馆
  • 登录
  • 详细信息显示
  • 放入我的书架
  • 预约/预借图书
  • 作者相关作品
  • 分类相关作品
  • 丛书相关作品
  • 出版社相关作品

书目信息

  • 表格格式
  • 工作单格式
  • 卡片格式
题名:
亿亿万万
    
 
作者: 萨根 著 ;丘宏义 译
分册:  
出版信息: 天津   天津科学技术出版社  2021
页数: 277页
开本: 23cm
丛书名:
单 册:
中图分类: N53
科图分类:
主题词: 自然科学--文集
电子资源:
ISBN: 978-7-5576-9421-0
000 00683nam0 2200229 450
001 2239059170
005 20221019105135.27
010    @a978-7-5576-9421-0@dCNY58.00
100    @a20210819d2021 em y0chiy50 ea
101 1  @achi@ceng
102    @aCN@b120000
105    @ay z 000yy
200 1  @a亿亿万万@9yi yi wan wan@dBillions & Billions@f(美)卡尔·萨根著@g(美)丘宏义译@zeng
210    @a天津@c天津科学技术出版社@d2021
215    @a277页@d23cm
510 1  @aBillions & Billions@zeng
606 0  @a自然科学@j文集
690    @aN53@v5
701  1 @c(美)@a萨根@9sa gen@b卡尔@4著
702  0 @c(美)@a丘宏义@9qiu hong yi@4译
801  0 @aCN@b91MARC@c20210918
905    @aZUCC@dN53@e3
    
    亿亿万万=Billions & Billions/(美)卡尔·萨根著/(美)丘宏义译.-天津:天津科学技术出版社,2021
    277页;23cm
    
    
    ISBN 978-7-5576-9421-0:CNY58.00
    
●
相关链接 在五车中查询图书 在当当中查询图书 在豆瓣中查询图书


正题名:亿亿万万     索取号:N53/3         预约/预借

序号 登录号 条形码 馆藏地/架位号 状态 备注
1 2000914708   2000914708   第三书库/ [索取号:N53/3] 在馆    
2 2000914709   2000914709   第三书库/ [索取号:N53/3] 在馆    
3 2000914710   2000914710   第三书库/ [索取号:N53/3] 在馆    
山东省滨州职业学院图书馆 欢迎您!
大连网信软件有限公司© 版权所有